| 000 | 00440 a2200145 4500 | ||
|---|---|---|---|
| 005 | 20250429141936.0 | ||
| 020 | _a1-55570-521-9 | ||
| 082 | _a025.344 MIT | ||
| 100 | _aMULLINS, L. J. | ||
| 245 | _aEssentials of Organisational Behaviour. | ||
| 260 |
_aNew York, _bPrentice Hall, _c2006. |
||
| 300 |
_axiv, 544p.: ill.; figure, table _bGlossary, Index _c26cm |
||
| 856 |
_yAccess Online Book _fManagement _dwww.pearsoned.co.uk |
||
| 942 |
_2ddc _cBKS |
||
| 999 |
_c1774 _d1774 |
||